| 000 | 01146cam a22003611 4500 | ||
|---|---|---|---|
| 001 | 8696 | ||
| 003 | BD-RjUL | ||
| 005 | 20211208234632.0 | ||
| 008 | 850430s1957 nyua b 000 0 engm | ||
| 035 | _aMITb10160855 | ||
| 035 |
_a(OCoLC)00537190 _a(BD-RjUL)8741 |
||
| 035 | _aGLIS00160855 | ||
| 040 |
_aDLC/ICU _cCGU _dm.c. _dMYG _dBD-RjUL _beng |
||
| 041 | _aeng | ||
| 082 |
_a530.41 _bDIR 1957 |
||
| 090 |
_aQC176 _b.D562 |
||
| 099 | _aQC176.D562 | ||
| 100 | 1 |
_aDienes, G. J. _q(George Julian), _d1918- _927061 |
|
| 245 | 1 | 0 |
_aRadiation effects in solids / _c G.J. Dienes [and] G.H. Vineyard. _nvolume II |
| 260 |
_aNew York, _bInterscience Publishers, _cc1957. |
||
| 300 |
_aviii, 226 p. _billus. _c23 cm. |
||
| 490 | 1 |
_aInterscience monographs in physics and astronomy ; _vv. 2 |
|
| 504 | _aIncludes bibliographies. | ||
| 650 | 0 |
_aSolids. _927062 |
|
| 650 | 0 |
_aRadiation. _927063 |
|
| 650 | 0 |
_aNuclear physics. _927064 |
|
| 830 | 0 |
_vv. 2. _927072 |
|
| 700 | 1 |
_aVineyard, G. H. _927066 |
|
| 830 | 0 |
_aInterscience monographs in physics and astronomy ; _927067 |
|
| 942 |
_2ddc _cBK |
||
| 999 |
_c8696 _d8696 |
||